000 00291nam a22001217a 4500
082 _a920
_bMAT/A
100 _aMATA AMRITANANDAMAYI
245 _aAWAKEN CHILDREN
260 _aINDIA
_bMATA AMRITANANDAMAYI MISSION TRUST
300 _a387
650 _aLIFE OF AMRITANANDAMAYI
_zUSA
942 _cBK
999 _c5781
_d5781